Normal view
MARC view
Entry Personal Name
001 - CONTROL NUMBER
- control field: 128761
003 - CONTROL NUMBER IDENTIFIER
- control field: OSt
005 - DATE AND TIME OF LATEST TRANSACTION
- control field: 20230728092108.0
008 - FIXED-LENGTH DATA ELEMENTS
- fixed length control field: 230728|| aca||aabn | a|a d
040 ## - CATALOGING SOURCE
- Original cataloging agency: OSt
- Transcribing agency: OSt
100 ## - HEADING--PERSONAL NAME
- Personal name: BANDYOPADHYAY (Siddhartha)
670 ## - SOURCE DATA FOUND
- Source citation: Work cat.: (OSt): Avik Chanda and others 128759, Work 3.O, 2023